00732 a2200157 45000010006000000050017000060080041000230030015000640400040000790800056001192450043001752640075002183000019002935050241003121000021005535313320260407155805.0260407a1979 arg spa dAR-UNSa-BCEJYS aAR-UNSa-BCEJYSbspacAR-UNSa-BCEJYS a331.105.44xOrganizaciones de empleados. Sindicatos10aEl poder económico de los sindicatos 1aBuenos Aires :bEUDEBA (Editorial Universitaria de Buenos Aires)c1979 a224 p.c22 cm. a1. Elementos de poder en la ciencia económica - 2. El poder económico de los sindicatos - 3. Sindicatos y poder en la Argentina.Aspectos institucionales - 4. El poder de los sindicatos en el sector manufacturero argentino:1950-1965 1 aMontuschi, Luisa